The autistic spectrum : (Record no. 6612)

MARC details
000 -LEADER
fixed length control field 02157cam a22004217a 4500
001 - CONTROL NUMBER
control field 15167462
003 - CONTROL NUMBER IDENTIFIER
control field OSt
005 - DATE AND TIME OF LATEST TRANSACTION
control field 20200207115249.0
008 - FIXED-LENGTH DATA ELEMENTS--GENERAL INFORMATION
fixed length control field 080205s2009 caua b 001 0 eng
010 ## - LIBRARY OF CONGRESS CONTROL NUMBER
LC control number 2008922349
015 ## - NATIONAL BIBLIOGRAPHY NUMBER
National bibliography number GBA770860
Source bnb
016 7# - NATIONAL BIBLIOGRAPHIC AGENCY CONTROL NUMBER
Record control number 101495109
Source DNLM
016 7# - NATIONAL BIBLIOGRAPHIC AGENCY CONTROL NUMBER
Record control number 013833773
Source Uk
020 ## - INTERNATIONAL STANDARD BOOK NUMBER
International Standard Book Number 9780761962113
020 ## - INTERNATIONAL STANDARD BOOK NUMBER
International Standard Book Number 0761962115
020 ## - INTERNATIONAL STANDARD BOOK NUMBER
International Standard Book Number 9780761962120 (pbk.)
020 ## - INTERNATIONAL STANDARD BOOK NUMBER
International Standard Book Number 0761962123 (pbk.)
035 ## - SYSTEM CONTROL NUMBER
System control number (OCoLC)ocn276910802
040 ## - CATALOGING SOURCE
Original cataloging agency NLM
Transcribing agency NLM
Modifying agency ERL
-- NLGGC
-- YDXCP
-- CDX
-- UKM
-- STJ
-- IOG
-- DLC
042 ## - AUTHENTICATION CODE
Authentication code nlmcopyc
-- lccopycat
050 00 - LIBRARY OF CONGRESS CALL NUMBER
Classification number RC553.A88
Item number B68 2009
060 00 - NATIONAL LIBRARY OF MEDICINE CALL NUMBER
Classification number 2009 B-140
082 ## - DEWEY DECIMAL CLASSIFICATION NUMBER
Classification number 543.5
Item number BOU 2009
100 1# - MAIN ENTRY--PERSONAL NAME
Personal name Boucher, Jill.
9 (RLIN) 13601
245 14 - TITLE STATEMENT
Title The autistic spectrum :
Remainder of title characteristics, causes, and practical issues /
Statement of responsibility, etc. Jill Boucher.
260 ## - PUBLICATION, DISTRIBUTION, ETC. (IMPRINT)
Place of publication, distribution, etc. Los Angeles :
Name of publisher, distributor, etc. SAGE,
Date of publication, distribution, etc. 2009.
300 ## - PHYSICAL DESCRIPTION
Extent x, 412 p. :
Other physical details ill. ;
Dimensions 24 cm.
504 ## - BIBLIOGRAPHY, ETC. NOTE
Bibliography, etc Includes bibliographical references (p. [364]-400) and index.
505 0# - FORMATTED CONTENTS NOTE
Formatted contents note The subtypes model of autism : concept and definitions -- The spectrum model of autism : concept and definitions -- Filling in the picture : from conformity to diversity -- Facts and figures : epidemiology and lifespan development -- What is autism? Personal view -- A framework for explaining autism -- First causes and brain bases -- Explaining the social, emotional, and communication impairments -- Explaining the repetitive behaviours and lack of imaginative creativity -- Explaining other universal or common behavioural characteristics -- Explaining autism as a whole : attempts at a synthesis -- What causes autism : personal view -- Assessment, diagnosis and screening -- Intervention -- Care.
650 #0 - SUBJECT ADDED ENTRY--TOPICAL TERM
Topical term or geographic name as entry element Autism.
9 (RLIN) 13602
650 12 - SUBJECT ADDED ENTRY--TOPICAL TERM
Topical term or geographic name as entry element Autistic Disorder.
9 (RLIN) 13603
650 17 - SUBJECT ADDED ENTRY--TOPICAL TERM
Topical term or geographic name as entry element Autisme.
Source of heading or term gtt
9 (RLIN) 13604
856 42 - ELECTRONIC LOCATION AND ACCESS
Materials specified Publisher description
Uniform Resource Identifier http://www.loc.gov/catdir/enhancements/fy1008/2008922349-d.html
856 41 - ELECTRONIC LOCATION AND ACCESS
Materials specified Table of contents only
Uniform Resource Identifier http://www.loc.gov/catdir/enhancements/fy1008/2008922349-t.html
906 ## - LOCAL DATA ELEMENT F, LDF (RLIN)
a 7
b cbc
c copycat
d 2
e ncip
f 20
g y-gencatlg
942 ## - ADDED ENTRY ELEMENTS (KOHA)
Source of classification or shelving scheme Dewey Decimal Classification
Koha item type Open Shelf
Holdings
Withdrawn status Lost status Source of classification or shelving scheme Damaged status Not for loan Home library Current library Date acquired Source of acquisition Inventory number Total Checkouts Full call number Barcode Date last seen Price effective from Koha item type
    Dewey Decimal Classification     MUST Main Library MUST Main Library 07/02/2020 Donation 2011/33116   543.5 BOU 2009 2020-0429 07/02/2020 07/02/2020 Open Shelf